1571 1195 1982 1761 1545 1707 1577 1409 1932 1876 1453 1449 1258 1160 1964 1557 1639 1889 1444 1753 1346 1600 1726 1023 1952 1278 1726 1354 1182 1950 1520 1679 1258 1779 1216 1691 1991 1485 1300 1373 1407 1656 1378 1116 1526 1706 1573 1204 1952 1532 1515 1730 1514 1222 1723 1064 1247 1263 1731 1186 1446 1302 1276 1849 1490 1396 1604 1511 1340 1931 1328 1193 1716 1201 1836 1704 1279 1300 1512 1784 1530 1007 1307 1251 1251 1711 1178 1155 1360 1341 1744 1478 1049 1579 1928 1564 1544 1592 1090 BCNSPRNW ULIB Ver.6.0+V

เปลี่ยนเป็นภาษาไทย

Change to English
 แสดงรายละเอียดบรรณานุกรม
  กลับหน้าหลัก

Brief Record : Get Marc (ISO 2709) : E-mail record : QR code < ปิดหน้าต่าง
LEADER : 00000nam 2200000uu 4500
001    13399111245
003     ULIB
008    110621s||||||||th 000 0 tha d
020    9749405501
020    9789749405505
050  4 BF698^bจ619ก 2549
100 0  จุฑา บุรีภักดี
245 10 การพัฒนาบุคลิกภาพ = Personality Development /^cเรียบเรียงโดย จุฑา บุรีภักดี
246 31 Personality Development
250    พิมพ์ครั้งที่ 4
260    กรุงเทพฯ :^bSmile Print,^c2549
300    170 หน้า :^bภาพประกอบ ;^c26 ซม.
650  7 บุคลิกภาพ
650  7 บุคลิกภาพ, การพัฒนา
945    ^p200^l0^i027491
945    ^p200^l0^i027490
995    ทศพร
999 ^a ใช้งานได้ทุกระบบ
รายการนี้ยังไม่มีแท็ก
คุณยังไม่ได้ล็อกอิน คุณสามารถมีกิจกรรมร่วมกับเว็บไซต์ได้ แต่ต้องล็อกอินก่อน ::
  ล็อกอิน

รายการสื่อสารสนเทศ

ลำดับที่ ประเภท เลขเรียก/บาร์โค้ด สถานที่ สถานะ
- ไม่พบข้อมูล -

รายการใกล้เคียง
    หัวเรื่อง [บุคลิกภาพ]
    หัวเรื่อง [บุคลิกภาพ, การพัฒนา]

BibComment


ยังไม่เคยถูกคอมเมนท์

คอมเมนท์ทรัพยากรรายการนี้
  คอมเมนท์: การพัฒนาบุคลิกภาพ..


 Copyright 2026. Bcnsprnw @Library